000 00439nam a22001337a 4500
008 161007b xxu||||| |||| 00| 0 eng d
050 _aL VA40.F471
245 _aFighting ships of the world
_b:an illustrated encyclopedia of modern sea power
_c/edited by Antony Preston
260 _aToronto
_bHamlyn
_c1980
300 _a352p.
_c30cm.
650 _aShips,Military
_926562
710 _aAnthony Preston
_eed.
_926563
942 _2lcc
_cMONOGRAPH
999 _c125451
_d125451